Statistics for Top Ten Dangerous Dogs

Click here to take the quiz!

General Stats

  • This quiz has been taken 1,483 times
    (1,476 since last reset)
  • The average score is 5 of 10

Answer Stats

Answer % Correct
American Bull Terrier (Pit Bull)
92%
German Shepherd
74%
Rottweiler
73%
Doberman Pinscher
64%
Husky
40%
Great Dane
39%
Chow-Chow
26%
St. Bernard
20%
Wolf-Dog Hybrid (Llop)
19%
Malamute
18%

Score Distribution

Percentile by Number Answered

Percent of People with Each Score

Your Score History

You have not taken this quiz since the last reset